| 000 | 00301nam a22001097a 4500 | ||
|---|---|---|---|
| 082 |
_a951 _bCHI |
||
| 245 |
_aFour Decades of China's Diplomacy / _cDeng Xiaopeng |
||
| 260 |
_aBeijing-China : _bForeign Affairs Republic of China, _c1989. |
||
| 300 |
_a348p. ; _c38 cm. |
||
| 563 | _aHBK. | ||
| 942 |
_2ddc _cBK |
||
| 999 |
_c588763 _d588763 |
||